000 00479nam a2200181 i 4500
001 27519
003 ES-MaACL
005 20230906153632.0
007 t|
008 030114s1905 fr ||||1| fre d
100 1 _aAubin, Eugene.
_923809
245 1 3 _aLe Maroc d'aujourd'hui /
_cEugene Aubin.
250 _a2eme ed.
260 _aParĂ­s :
_bArmand Colin,
_c1905.
300 _aXII, 500 p. :
_b3 map. ;
_c18 cm.
651 4 _aMarruecos.
_9137253
852 _aES-MaACL
_jG-14277
999 _c27519
_d27519